000
00333nam a2200145Ia 4500
008
230718s9999 xx 000 0 und d
041
_a
Eng.
082
_a
1881.43
_b
الف-ب
100
_a
الف
245
0
_a
بال جبریل
260
_a
Pakistan
_b
نکاح پبلشر
_c
1998
300
_a
988
650
_a
Law
999
_c
28808
_d
28808